RICS rural land market survey (Record no. 117791)

MARC details
000 -LEADER
fixed length control field 01044cam a2200217 4500
001 - CONTROL NUMBER
control field WB@3612-815
008 - FIXED-LENGTH DATA ELEMENTS--GENERAL INFORMATION
fixed length control field 040729n2004 000 0 eng u
035 ## - SYSTEM CONTROL NUMBER
System control number (Sirsi) u126969
245 ## - TITLE STATEMENT
Title RICS rural land market survey
260 ## - PUBLICATION, DISTRIBUTION, ETC.
Date of publication, distribution, etc. 2004
490 ## - SERIES STATEMENT
Series statement RICS News Service
Volume/sequential designation (pr072) 28 July 2004 (3)
520 ## - SUMMARY, ETC.
Summary, etc. The latest "RICS rural land market survey: Great Britain" has been published. It shows that in the second quarter, April to June 2004, the price of farmland is continuing to rise as demand outstrips supply. Prices rose by 16% on the same period last year and averaged £8630 per hectare. The rise is fuelled by a decline in the amount of land coming onto the market. Non-farmers continue to play an active role in the farmland market and account for 43% of purchases over the last quarter. For the full report see the website.
590 ## - LOCAL NOTE (RLIN)
Local note WB
590 ## - LOCAL NOTE (RLIN)
Local note WB
650 ## - SUBJECT ADDED ENTRY--TOPICAL TERM
Topical term or geographic name entry element FARMLAND PRICES
650 ## - SUBJECT ADDED ENTRY--TOPICAL TERM
Topical term or geographic name entry element FARMLAND MARKET
650 ## - SUBJECT ADDED ENTRY--TOPICAL TERM
Topical term or geographic name entry element FARMLAND SALES
650 ## - SUBJECT ADDED ENTRY--TOPICAL TERM
Topical term or geographic name entry element RURAL AREAS
690 ## - LOCAL SUBJECT ADDED ENTRY--TOPICAL TERM (OCLC, RLIN)
Topical term or geographic name as entry element RURAL-MARKET
942 ## - ADDED ENTRY ELEMENTS (KOHA)
Suppress in OPAC 0
Holdings
Withdrawn status Lost status Source of classification or shelving scheme Damaged status Not for loan Home library Current library Shelving location Date acquired Total Checkouts Full call number Barcode Date last seen Copy number Price effective from Koha item type
    Dewey Decimal Classification     London London News article 29/07/2004   WB4029-17 126969-1001 06/08/2019 1 06/08/2019 News article